हदरोग टाहा - दिर्घायुषी बना. (Record no. 269580)

MARC details
000 -LEADER
fixed length control field 00699nam a2200181Ia 4500
008 - FIXED-LENGTH DATA ELEMENTS--GENERAL INFORMATION
fixed length control field 090630s9999 xx 000 0 und d
082 ## - DEWEY DECIMAL CLASSIFICATION NUMBER
Item number 17724
100 ## - MAIN ENTRY--PERSONAL NAME
Personal name डॉ. गाला धीरेन.
245 ## - TITLE STATEMENT
Title हदरोग टाहा - दिर्घायुषी बना.
Statement of responsibility, etc डॉ. गाला धीरेन.
260 ## - PUBLICATION, DISTRIBUTION, ETC. (IMPRINT)
Name of publisher, distributor, etc नवनीत.
300 ## - PHYSICAL DESCRIPTION
Extent 0
600 ## - SUBJECT ADDED ENTRY--PERSONAL NAME
Personal name डॉ. गाला धीरेन.
630 ## - SUBJECT ADDED ENTRY--UNIFORM TITLE
Uniform title हदरोग टाहा - दिर्घायुषी बना.
655 ## - INDEX TERM--GENRE/FORM
Genre/form data or focus term इतर.
700 ## - ADDED ENTRY--PERSONAL NAME
Personal name डॉ. गाला धीरेन.
730 ## - ADDED ENTRY--UNIFORM TITLE
Uniform title हदरोग टाहा - दिर्घायुषी बना.
942 ## - ADDED ENTRY ELEMENTS (KOHA)
Koha item type Book
Holdings
Withdrawn status Lost status Damaged status Not for loan Home library Current library Date acquired Cost, normal purchase price Total Checkouts Full call number Barcode Date last seen Cost, replacement price Price effective from Koha item type
        Sarvajanik Wachanalaya Shrivardhan Sarvajanik Wachanalaya Shrivardhan   24.00   17724 SAWASHRI-17724 06/30/2009 24.00 06/30/2009 Book